|
|
|
|
| LEADER |
00000cam a2200000 4500 |
| 001 |
vtls012259856 |
| 003 |
SK-MaSNL |
| 005 |
20260301060711.0 |
| 008 |
240704s2020 xr a g h 000 jbcze |
| 015 |
|
|
|a SNBZSA2024/11
|
| 020 |
|
|
|q (brožované)
|
| 040 |
|
|
|a SNK
|b slo
|c SNK
|e rda
|
| 041 |
1 |
|
|a cze
|h slo
|
| 044 |
|
|
|a xr
|c CZ
|
| 072 |
|
7 |
|a 27
|x Kresťanstvo. Kresťanská cirkev všeobecne. Ekleziológia
|2 konspekt
|
| 072 |
|
7 |
|a 821.162.4-3
|x Slovenská próza
|2 konspekt
|
| 080 |
|
|
|a 2-34-055.2
|2 2011
|
| 080 |
|
|
|a 27-36-055.2
|2 2011
|
| 080 |
|
|
|a 821.162.4-32
|2 2011
|
| 080 |
|
|
|a (0:82-322.6)
|2 2011
|
| 100 |
1 |
|
|a Luscoň, Jozef,
|d 1959-
|4 aut
|9 207119
|
| 245 |
1 |
0 |
|a Anka Kolesárová aneb pravý vzor
|b románový životopis blahoslovené Anny Kolesárové
|c Jozef Luscoň ; překlad: Lenka Ripperová
|
| 246 |
3 |
0 |
|a Pravý vzor
|
| 250 |
|
|
|a Vydání: první
|
| 264 |
|
1 |
|a Vranov nad Dyjí
|a Přímětice
|a Bítov
|b A.M.I.M.S.
|c 2020
|
| 300 |
|
|
|a 76 strán
|b čiernobiele ilustrácie
|c 21 cm
|
| 336 |
|
|
|a text
|b txt
|2 rdacontent
|
| 337 |
|
|
|a bez média
|b n
|2 rdamedia
|
| 338 |
|
|
|a zväzok
|b nc
|2 rdacarrier
|
| 500 |
|
|
|a Pravdepodobne preložené zo slovenčiny
|
| 600 |
1 |
7 |
|a Kolesárová, Anna,
|c blahoslavená,
|d 1928-1944
|2 SNKMA
|9 55771
|
| 650 |
0 |
7 |
|a mučeníčky
|2 SNKPH
|9 51511
|
| 650 |
0 |
7 |
|a Women martyrs
|2 SNKPHeng
|9 358215
|
| 650 |
0 |
7 |
|a blahoslavené
|2 SNKPH
|9 115160
|
| 650 |
0 |
7 |
|a Women blessed
|2 SNKPHeng
|9 115341
|
| 655 |
|
7 |
|a slovenské príbehy
|2 SNKPH
|9 70494
|
| 655 |
|
7 |
|a biografické príbehy
|2 SNKPH
|9 70709
|
| 655 |
|
7 |
|a Slovak stories
|2 SNKPHeng
|9 277112
|
| 655 |
|
7 |
|a Biographical stories
|2 SNKPHeng
|9 286436
|
| 700 |
1 |
|
|a Ripperová, Lenka
|4 trl
|9 372392
|
| 852 |
|
|
|a Slovenská národná knižnica
|
| 954 |
|
|
|a beletria pôvodná (slovenská)
|2 lita
|
| 958 |
|
|
|a ZS
|
| 958 |
|
|
|a LX
|
| 958 |
|
|
|a BX
|
| 958 |
|
|
|a NT
|
| 999 |
|
|
|c 616109
|d 618039
|
| 952 |
|
|
|a SNK
|b SNK
|y PREZ
|7 0
|p 17A1549458
|o snkSC 208091
|i snk2024/14032
|8 2
|g 5.63
|0 0
|1 0
|4 0
|d 2024-07-04
|l 0
|r 2025-10-31 00:00:00
|w 2026-02-23
|